000 00686nam a2200193Ia 4500
008 240729s9999 xx 000 0 und d
022 _a2692-7640
245 0 _aEnergy Material Advances
260 _aUnited States
260 _bAmerican Association for the Advancement of Science (AAAS)
650 _a Electrical engineering. Electronics. Nuclear engineering
650 _a Materials of engineering and construction. Mechanics of materials | Technology
650 _a Mechanical engineering and machinery
650 _a Renewable energy sources
650 _aTechnology
856 _uhttps://doaj.org/toc/7d04584e7bf5479789d7e88980d47a02
942 _2ddc
942 _cDOAJEJ
999 _c65663
_d65663
945 _a1
_bMadushi Gamage
_c1
_dMadushi Gamage